Tennis strokes and strategies /

Bibliographic Details
Format: Book
Language:English
Published: New York : Simon and Schuster, [1975]
Series:Classic instruction series
Subjects:

MARC

Tag First Indicator Second Indicator Subfields
LEADER 00000cam a2200000 i 4500
001 in00001140821
005 20151001050913.0
008 750422s1975 nyua 000 0 eng
010 |a  75014065  
020 |a 067122073X 
035 |a (OCoLC)01341541 
035 |9 AGB8883AM 
040 |a DLC  |c DLC  |d OCL  |d TXA  |d UtOrBLW 
049 |a TXAM 
050 0 0 |a GV995  |b .T44 
082 0 |a 796.34/22 
090 |a GV995  |b .T44 1975 
245 0 0 |a Tennis strokes and strategies /  |c the Classic instruction series from Tennis magazine. 
246 1 4 |a Tennis strokes & strategies 
264 1 |a New York :  |b Simon and Schuster,  |c [1975] 
264 4 |c ©1975 
300 |a 216 pages :  |b illustrations ;  |c 29 cm. 
336 |a text  |b txt  |2 rdacontent 
337 |a unmediated  |b n  |2 rdamedia 
338 |a volume  |b nc  |2 rdacarrier 
490 0 |a Classic instruction series 
650 0 |a Tennis. 
730 0 |a Tennis (Norwalk, Conn.) 
999 |a MARS 
999 f f |s 2770f822-bfc3-35ce-8cf0-4568463592e2  |i ecbee854-80c1-3add-ad54-4d2e83555faa  |t 0 
952 f f |p ric  |a Texas A&M University  |b Rellis Campus  |c Joint Library Facility  |d Remote Storage  |t 0  |e GV995 .T44 1975  |h Library of Congress classification  |i unmediated -- volume  |m A14817624804 
998 f f |a GV995 .T44 1975  |t 0  |l Remote Storage